| 000 | 00735nam a2200241Ia 4500 | ||
|---|---|---|---|
| 003 | OSt | ||
| 005 | 20220927105343.0 | ||
| 006 | a|||||r|||| 00| 0 | ||
| 007 | ta | ||
| 008 | 220926b |||||||| |||| 00| 0 eng d | ||
| 020 | _a9780195475852 | ||
| 024 | _a196181 | ||
| 037 | _cReference Collections | ||
| 040 |
_aRTL _cRTL _beng |
||
| 041 |
_2eng _aeng |
||
| 082 | _a"X9(D26):75-77, P9" | ||
| 100 |
_aSIDDIQUI Iqtidar H. _9371894 |
||
| 245 | 0 |
_aDams and reservoirs _b Planning and engineering |
|
| 260 |
_aNew _b"York, Oxford University Press, " _c2009 |
||
| 300 |
_a"xiii, 287p Bibliography: P 278-280" _ccm. |
||
| 942 |
_h"X9(D26):75-77, P9" _cCC |
||
| 999 |
_c692054 _d692054 |
||